| 000 | 00560nam a2200181Ia 4500 | ||
|---|---|---|---|
| 008 | 090630s9999 xx 000 0 und d | ||
| 082 | _b20356 | ||
| 100 | _aमोरे कल्याण. | ||
| 245 |
_aमुक्ती. _cमोरे कल्याण. |
||
| 260 |
_bप्राजक्ता - पुणे. _c2000 |
||
| 300 | _a64 | ||
| 600 | _aमोरे कल्याण. | ||
| 630 | _aमुक्ती. | ||
| 655 | _aकाव्य. | ||
| 700 | _aमोरे कल्याण. | ||
| 730 | _aमुक्ती. | ||
| 942 | _cBOOK | ||
| 999 |
_c272212 _d272212 |
||